000 01346nam a2200289Ia 4500
003 OSt
005 20221005105954.0
006 a|||||r|||| 00| 0
007 ta
008 221004b |||||||| |||| 00| 0 kan d
020 _a8126023899 (hbk)
_c700
024 _a92710
037 _b494, 19/03/2009, Vani Prakashan
_cTextual
040 _aCRL
_cCRL
_bkan
041 _2kan
_akan
082 _aO33,1:g(P), 152P7
100 _aशिवरूद्रप्पा, जी. एस.
_9163842
245 0 _aकाव्यार्थ चिन्तन, अनु0 भालचंद्र जयशेट्टी
246 _aKāvyārtha chintana, anu bhālachandra jayasheṭṭī
260 _aनई दिल्ली
_bसाहित्य अकादेमी भारत
_c2007
300 _a212पृ0
_ccm.
490 _aसाहित्य अकादेमी द्वारा पुरस्कृत कन्नड कृति
650 _aकन्नड़ साहित्य
700 _a जयशेट्टी, भालचंद्र, अनु.
942 _hO33,1:g(P), 152P7
_cTEXL
_2cc
999 _c1017390
_d1017390